000 00910nam a2200241 i 4500
001 19874
003 ES-MaACL
005 20250910172847.0
007 t|
008 021023s1972 sp ||||1| spa d
080 _a636.1(084)
245 0 0 _aAlegrías del caballo /
_ccon un capítulo escrito especialmente por Francisco Goyoaga ; Benoist-Gironière ha coordinado los trabajos ; [textos de Alain Albaric ... et al. ; traducción y notas por Juan Ramón Masoliver].
250 _a1ª ed.
260 _aBarcelona :
_bDestino,
_c1972.
300 _a272 p., lám. col.y n. :
_bil. ;
_c28 cm.
650 4 _aCaballos-
_vObras ilustradas.
_910657
700 1 _aGoyoaga, Francisco.
_959414
700 1 _aBenoist-Gironière, Yvan,
_d1930-
_9173678
700 1 _aAlbaric, Alain.
_919239
700 1 _aMasoliver, Juan Ramón,
_d1910-1997
_978748
852 _aES-MaACL
_jC-42907
999 _c19874
_d19874